Manual de control de calidad
Kaydedildi:
| Asıl Yazarlar: | , |
|---|---|
| Materyal Türü: | Kitap |
| Dil: | İspanyolca |
| Baskı/Yayın Bilgisi: |
Madrid
McGraw-Hill
1993
|
| Edisyon: | 4a. ed |
| Konular: | |
| Etiketler: |
Etiketle
Etiket eklenmemiş, İlk siz ekleyin!
|
MARC
| LEADER | 00000nam a2200000 a 4500 | ||
|---|---|---|---|
| 001 | UCU0836 | ||
| 003 | CL-VaPUC | ||
| 008 | 960329e19930000SP |||||||||||||||||spa|d | ||
| 082 | 0 | 4 | |a 658.562 |b JUR |2 21 |
| 100 | |a Juran, Joseph M |e author |9 434094 | ||
| 700 | |a Gryna, Frank M |e author |9 521903 | ||
| 245 | 1 | 0 | |a Manual de control de calidad |
| 250 | |a 4a. ed | ||
| 300 | |a v | ||
| 942 | |c BK | ||
| 945 | |d 19960329 00:00:00 |a mcarcey | ||
| 260 | |a Madrid |b McGraw-Hill |c 1993 | ||
| 650 | 0 | |a Control de calidad |9 259714 | |
| 650 | 0 | |a Calidad |9 320582 | |
| 650 | 0 | |a Gestión de la producción |9 259467 | |
| 650 | 0 | |a Optimización |9 339671 | |
| 650 | 0 | |a Investigación operativa |9 259383 | |
| 650 | 0 | |a Gestión industrial |9 263790 | |
| 650 | 7 | |a INGENIERIA DE LA PRODUCCION |2 CL-VaPUC |9 262727 | |
| 650 | 7 | |a DESARROLLO DE LOS PROCESOS |2 CL-VaPUC |9 356265 | |
| 583 | |a last modification |c 19960329 00:00:00 |k Rodrigo Vera | ||
| 999 | |c 245622 |d 245620 | ||
| 952 | |0 0 |1 0 |4 0 |6 658_562000000000000_JUR_1993 |7 0 |8 A |9 260190 |a BIBGIM |b BIBGIM |d 2019-11-19 |h v.1 |i 3186067 |o 658.562 JUR 1993 |p 3186067 |r 2025-01-15 |w 2019-11-19 |y BK |k EST | ||
| 952 | |0 0 |1 0 |4 0 |6 658_562000000000000_JUR_1993 |7 0 |8 A |9 260191 |a BIBGIM |b BIBGIM |d 2019-11-19 |h v.2 |i 3186075 |o 658.562 JUR 1993 |p 3186075 |r 2025-01-15 |w 2019-11-19 |y BK |k EST | ||